000 00632nam a2200241Ia 4500
003 OSt
005 20220918225323.0
006 a|||||r|||| 00| 0
007 ta
008 220917b |||||||| |||| 00| 0 eng d
024 _a239,907
037 _cTextual
040 _aARTS
_cARTS
_beng
041 _2eng
_aeng
082 _aO111,3N54,2, N9
100 _aIshiguro Kazuo
_918815
245 0 _aRamains of the day
260 _aLondon
_bFaber and Faber UK
_c1999
300 _a258p.
_ccm.
650 _aENGLISH LITERATURE
942 _hO111,3N54,2, N9
_cTEXL
_2CC
999 _c284361
_d284361